アウトレットモールがある自治体 - Statistics

General Stats
  • This quiz has been taken 232 times
  • The average score is 18 of 30
Answer Stats
都道府県 名称 答え % Correct
埼玉県 レイクタウンアウトレット 越谷市
87%
宮城県 三井アウトレットパーク○○港 ○○泉プレミアム・アウトレット 仙台市
81%
栃木県 那須ガーデンアウトレット 那須塩原市
80%
千葉県 三井アウトレットパーク幕張 千葉市
80%
神奈川県 三井アウトレットパーク○○ベイサイド 横浜市
77%
東京都 グランベリーパーク 町田市
70%
静岡市 ○○○プレミアム・アウトレット 御殿場市
69%
千葉県 三井アウトレットパーク○○○ 木更津市
67%
東京都 三井アウトレットパーク多摩南大沢 八王子市
66%
大阪府 りんくうプレミアム・アウトレット 泉佐野市
66%
栃木県 ○○プレミアム・アウトレット 佐野市
64%
三重県 三井アウトレットパーク ジャズドリーム長島 桑名市
64%
福岡県 マリノアシティ○○ 福岡市
64%
北海道 ○○アウトレットモール・レラ 千歳市
63%
神奈川県 THE OUTLET SHONAN ○○○○○○○○○(アルファベット表記) 平塚市
63%
佐賀県 ○○プレミアム・アウトレット 鳥栖市
63%
北海道 三井アウトレットパーク札幌○○○ 北広島市
61%
岡山県 三井アウトレットパーク○○ 倉敷市
60%
埼玉県 ○○○花園プレミアム・アウトレット(ひらがな表記) 深谷市
59%
福岡県 THE OUTLETS ○○○○○○○○○○(アルファベット表記) 北九州市
59%
長野県 ○○○・プリンスショッピングプラザ 軽井沢町
58%
広島県 THE OUTLETS ○○○○○○○○○(アルファベット表記) 広島市
58%
兵庫県 神戸○○プレミアム・アウトレット 三田市
54%
茨城県 ○○プレミアム・アウトレット(ひらがな表記) 阿見町
48%
富山県 三井アウトレットパーク北陸○○○ 小矢部市
46%
岐阜県 ○○プレミアム・アウトレット 土岐市
44%
滋賀県 三井アウトレットパーク滋賀○○ 竜王町
43%
大阪府 三井アウトレットパーク○○ 門真市
39%
埼玉県 三井アウトレットパーク○○ 入間市
36%
沖縄県 沖縄アウトレットモール あしびなー 豊見城市
30%
No matching quizzes found
Score Distribution
Percent of People with Each Score
Percentile by Number Answered
Your Score History
You have not taken this quiz